Music Quiz

Random Music or Album Quiz

Charlie Puth Songs Quiz Stats

 Plays Quiz not verified by Sporcle

Support Sporcle.
Go Orange.
Score 0/29 Timer 05:00
0 Plays Today
Album Song % Correct
VoicenotesAttention
90.5%
Nine Track MindOne Call Away
90.4%
VoicenotesHow Long
87.5%
Nine Track MindMarvin Gaye
82.6%
Nine Track MindDangerously
82.3%
VoicenotesDone for Me
80.9%
Nine Track MindWe Don't Talk Anymore
80.5%
VoicenotesThe Way I Am
78.3%
VoicenotesLA Girls
75.1%
VoicenotesBoy
75.1%
Nine Track MindSuffer
74.1%
VoicenotesEmpty Cups
72.6%
Nine Track MindSee You Again
71.6%
Nine Track MindMy Gospel
69.3%
Nine Track MindLeft Right Left
68.4%
Album Song % Correct
VoicenotesChange
67.4%
VoicenotesPatient
66.2%
VoicenotesSlow It Down
65%
Nine Track MindSome Type of Love
64.6%
VoicenotesSomebody Told Me
64.2%
Nine Track MindUp All Night
63.9%
VoicenotesIf You Leave Me Now
62.4%
Nine Track MindRiver
60.7%
Nine Track MindLosing My Mind
60.2%
Nine Track MindAs You Are
59.4%
VoicenotesThrough It All
58.4%
Nine Track MindThen There's You
54.8%
Nine Track MindNothing but Trouble (Instagram Models)
51.4%
Nine Track MindDoes It Feel
46.5%

You're not logged in!

Compare scores with friends on all Sporcle quizzes.
OR
Log In

From the Vault

Sporcle's Easiest European Language (per Letter)

by Flick

If you're fluent in all 17 of these languages, consider us extremely impressed.
Remove Ads.
Support Sporcle.
Get the best of Sporcle when you Go Orange. This ad-free experience offers more features, more stats, and more fun while also helping to support Sporcle. Thank you for becoming a member.

Show Comments

Extras

Created Jan 27, 2016ReportNominate
Tags:Album Quiz, Song Quiz, charlie

Top Quizzes Today


Score Distribution

Your Account Isn't Verified!

In order to create a playlist on Sporcle, you need to verify the email address you used during registration. Go to your Sporcle Settings to finish the process.

Report this User

Report this user for behavior that violates our Community Guidelines.

Details: